Online
Catalog

Premios Casandra : (Record no. 17433)

MARC details
000 -CABECERA
campo de control de longitud fija 01718nam a2200301 i 4500
001 - NÚMERO DE CONTROL
campo de control 000017909
003 - IDENTIFICADOR DEL NÚMERO DE CONTROL
campo de control DO-SdBNP
005 - FECHA Y HORA DE LA ÚLTIMA TRANSACCIÓN
campo de control 20240709085706.0
007 - CAMPO FIJO DE DESCRIPCIÓN FÍSICA--INFORMACIÓN GENERAL
campo de control de longitud fija ta
008 - DATOS DE LONGITUD FIJA--INFORMACIÓN GENERAL
campo de control de longitud fija 100407s2001 dr ac gr 000 0dspa d
020 ## - NÚMERO INTERNACIONAL ESTÁNDAR DEL LIBRO
Número Internacional Estándar del Libro 9993401641
040 ## - FUENTE DE LA CATALOGACIÓN
Centro catalogador/agencia de origen DO-SdBNP
Lengua de catalogación spa
Centro/agencia transcriptor BNPHU
Normas de descripción rda
082 #4 - NÚMERO DE LA CLASIFICACIÓN DECIMAL DEWEY
Número de clasificación 929.817293
Número de documento/Ítem M385p
Número de edición 22
100 1# - ENTRADA PRINCIPAL--NOMBRE DE PERSONA
Nombre de persona Martínez, Carlos T.,
Fechas asociadas al nombre 1945-
9 (RLIN) 29205
Término indicativo de función/relación autor
245 10 - MENCIÓN DE TÍTULO
Título Premios Casandra :
Resto del título historia de Acroarte /
Mención de responsabilidad, etc. Carlos T. Martínez ; prólogo, Francisco Álvarez Castellano.
264 #1 - PRODUCCIÓN, PUBLICACIÓN, DISTRIBUCIÓN, FABRICACIÓN Y COPYRIGHT
Producción, publicación, distribución, fabricación y copyright Santo Domingo :
Nombre del de productor, editor, distribuidor, fabricante CATEMAR,
Fecha de producción, publicación, distribución, fabricación o copyright 2001
300 ## - DESCRIPCIÓN FÍSICA
Extensión 188 páginas :
Otras características físicas ilustraciones, retratos ;
Dimensiones 23 cm.
336 ## - TIPO DE CONTENIDO
Fuente rdacontent
Término de tipo de contenido texto
Código de tipo de contenido txt
337 ## - TIPO DE MEDIO
Fuente rdamedia
Nombre/término del tipo de medio sin mediación
Código del tipo de medio n
338 ## - TIPO DE SOPORTE
Fuente rdacarrier
Nombre/término del tipo de soporte volumen
Código del tipo de soporte nc
500 ## - NOTA GENERAL
Nota general Incluye datos biográficos del autor en las solapas de las cubiertas.
505 ## - NOTA DE CONTENIDO CON FORMATO
Nota de contenido con formato Prólogo.
Título Mística de la Asociación de Cronistas de Arte.--
-- Del Grupo de amigos a la Asociación.--
-- La idea de Fundar ACROARTE.--
-- La idea de El Casandra.--
-- Una semblanza.--
-- La premiación de El Casandra.--
-- La Cervecería y el Casandra.--
-- Criterios para la selección de los ganadores del El Casandra.--
-- Reglamentos de los Premios Casandra.--
-- Desglose de los galardonado en las diferentes entregas de El Casandra.--
-- 1985.--
-- Un incidente engorroso.--
-- 1987: otro encontronazo.--
-- El Soberano.--
-- Crónica de un¨juicio¨ prejuiciado.--
-- El futuro de ACROARTE.--
-- Reelección.--
-- Las filiales.--
-- Negros Nubarrones.
590 ## - NOTA LOCAL (RLIN)
Nota local Inventariado 2024 / MF
650 #4 - PUNTO DE ACCESO ADICIONAL DE MATERIA--TÉRMINO DE MATERIA
Término de materia o nombre geográfico como elemento de entrada Premios Casandra
Subdivisión general Historia
9 (RLIN) 38855
Subdivisión geográfica República Dominicana
650 #4 - PUNTO DE ACCESO ADICIONAL DE MATERIA--TÉRMINO DE MATERIA
Término de materia o nombre geográfico como elemento de entrada Acroarte
Subdivisión general Historia
9 (RLIN) 38856
Subdivisión geográfica República Dominicana
700 1# - PUNTO DE ACCESO ADICIONAL--NOMBRE DE PERSONA
Nombre de persona Álvarez Castellanos, Francisco,
Término indicativo de función/relación prólogo
9 (RLIN) 30511
942 ## - ELEMENTOS DE PUNTO DE ACCESO ADICIONAL (KOHA)
Fuente del sistema de clasificación o colocación Dewey Decimal Classification
Tipo de ítem Koha Libro
Holdings
Estado de retiro Estado de pérdida Fuente del sistema de clasificación o colocación Restricciones de uso No para préstamo Código de colección Localización permanente Ubicación/localización actual Ubicación en estantería Fecha de adquisición Total de préstamos Signatura topográfica completa Código de barras Fecha visto por última vez Número de copia Precio válido a partir de Tipo de ítem Koha Fuente de adquisición
    Dewey Decimal Classification Préstamo en sala   Monografías: Libros y Folletos Biblioteca Nacional Pedro Henríquez Ureña Dominicana Depósito 20.09.2010   929.817293 M385p 17909-30 25.06.2020 e. 3 25.06.2020 Libro  
    Dewey Decimal Classification Préstamo en sala   Monografías: Libros y Folletos Biblioteca Nacional Pedro Henríquez Ureña Dominicana Depósito 31.05.2019   929.817293 M385p 17909-40 25.06.2020 e. 4 25.06.2020 Libro Donado por ICDA
    Dewey Decimal Classification Excluido de préstamo   Monografías: Libros y Folletos Biblioteca Nacional Pedro Henríquez Ureña Dominicana Depósito 27.07.2017   929.817293 M385p 2022-0306 27.01.2022 e.5 27.01.2022 Libro Donado por Hipólito Carrasco
    Dewey Decimal Classification Excluido de préstamo   Monografías: Libros y Folletos Biblioteca Nacional Pedro Henríquez Ureña Patrimonio Dominicano Depósito 07.04.2010   929.817293 M385p 17909-10 25.06.2020   25.06.2020 Libro  
    Dewey Decimal Classification Excluido de préstamo   Monografías: Libros y Folletos Biblioteca Nacional Pedro Henríquez Ureña Patrimonio Dominicano Depósito 06.09.2010   929.817293 M385p 17909-20 25.06.2020 e. 2 25.06.2020 Libro  

Powered by Koha